00975nam a22002657a 45000010005000000030006000050050017000110080041000280200018000690400029000870500015001160820011001311000028001422450072001702500027002422600035002693000045003045050007003495200229003565210019005855210018006046500031006226500022006537000034006755194FISKH20241118154927.0241118b cb ||||| |||| 00| 0 eng d a9780545457323 aFISKHbengcFISKHdFISKH aPZ7.K52654 a813.54 aKhan, Rukhsanad(1962-) aBig red lollipop /cby Rukhsana Khan illustrated by Sophie Blackall aFirst printing in 2012 aNew York :bScholastic,c2012. a33 pages :bColor illustrations ;c26 cm aJ  aHaving to take her younger sister along the first time she is invited to a birthday party spoils Rubina's fun, and later when that sister is asked to a party and baby sister wants to come, Rubina must decide whether to help.8 a490L bLexile 8 aJ bRaz-Plus  2SistersaSharingvLollipop 2FictionaBirthday aBlackall, SophiedIllustrator